Cambridge advanced learner's dictionary.
Salvato in:
| Ente Autore: | |
|---|---|
| Natura: | Sách giấy |
| Pubblicazione: |
Cambridge ; New York :
Cambridge University Press,
2003
|
| Soggetti: | |
| Accesso online: | Table of contents Publisher description |
| Tags: |
Aggiungi Tag
Nessun Tag, puoi essere il primo ad aggiungerne! !
|
| Thư viện lưu trữ: | Thư viện Trường Đại học Đà Lạt |
|---|
| LEADER | 01346nam a2200397 4500 | ||
|---|---|---|---|
| 001 | DLU060054191 | ||
| 005 | ##20060609 | ||
| 008 | ##050307s2005 enka 000 0 eng | ||
| 010 | # | # | |a 2005006467 |
| 020 | # | # | |a 0521604982 (pbk.) |
| 020 | # | # | |a 0521843782 (hardback) |
| 020 | # | # | |a 9780521604987 (pbk.) |
| 020 | # | # | |a 9780521843782 (hardback) |
| 040 | # | # | |a DLC |c DLC |d DLC |
| 082 | # | # | |a 423 |c am |
| 245 | # | # | |a Cambridge advanced learner's dictionary. |
| 260 | # | # | |a Cambridge ; |a New York : |b Cambridge University Press, |c 2003 |
| 300 | # | # | |a xii, 1550 p. : |b ill. (some col.) ; |c 24 cm |
| 500 | # | # | |a "First published 1995 as Cambridge International Dictionary of English"--T.p. verso. |
| 650 | # | # | |a English language |v Dictionaries. |
| 650 | # | # | |a English language |v Textbooks for foreign speakers. |
| 710 | # | # | |a Cambridge University Press. |
| 730 | # | # | |a Cambridge international dictionary of English. |
| 856 | # | # | |3 Table of contents |u http://www.loc.gov/catdir/toc/ecip059/2005006467.html |
| 856 | # | # | |3 Publisher description |u http://www.loc.gov/catdir/enhancements/fy0632/2005006467-d.html |
| 923 | # | # | |a 10/2006 |
| 992 | # | # | |a 366.000 |
| 994 | # | # | |a DLU |
| 998 | # | # | |a TK |
| 900 | # | # | |a True |
| 911 | # | # | |a Đào Thị Thu Huyền |
| 925 | # | # | |a G |
| 926 | # | # | |a A |
| 927 | # | # | |a SH |
| 980 | # | # | |a Thư viện Trường Đại học Đà Lạt |


